000 00406nam a22001697a 4500
003 MPLRDC
005 20220104114253.0
008 210129b ||||| |||| 00| 0 eng d
020 _a962-357-309-X
082 _a856.9 MC v.4
100 _a白韵琴
245 _a热线诉衷情
_c
260 _a
_b明窗出版社
_c1991
300 _b
650 _a函牍及杂著--杂项
942 _cBK
_o856.9 MC v.4
999 _c6179
_d6169